[Event "Sampa Chess Open 2024"]
[Site "Sao Paulo"]
[Date "2024.02.04"]
[Round "9.39"]
[White "Simao, Davi Ribeiro"]
[Black "Dionisio, Alex Monteiro"]
[Result "1/2-1/2"]
[WhiteElo "1320"]
[BlackElo "1514"]
[PlyCount "88"]
[EventDate "2024.01.29"]
[EventRounds "9"]
[EventCountry "BRA"]

1. e4 c5 2. Nc3 Nc6 3. f4 g6 4. Nf3 e6 5. Bc4 Bg7 6. d3 Nge7 7. O-O O-O 8. Qe1
d5 9. Bb3 Na5 10. a3 ({RR} 10. Ne2 dxe4 11. dxe4 c4 12. Bd2 Nec6 13. Ba4 b5 {
0-1 (13) Zvara,P (2355)-Mochalov,E (2465) Pardubice 1996}) 10... Nxb3 11. cxb3
Qb6 $146 ({RR} 11... b6 12. b4 d4 13. Nd1 Ba6 14. Nf2 c4 15. a4 b5 16. a5 Rc8
17. g4 f5 18. exf5 exf5 19. Qe6+ Kh8 20. Qxa6 Qd5 21. Ng5 Nc6 22. Re1 h6 23.
Ngh3 fxg4 24. Nxg4 Qf5 25. Ngf2 Nxb4 26. Qb7 {Borras Julian,T-Delchev,A (2515)
Benasque 1997 0-1 (32)}) ({RR} 11... b6 12. Qh4 Ba6 13. Qh3 dxe4 14. Ng5 h6 15.
Ngxe4 Qxd3 16. Be3 Nf5 17. Rfe1 Nxe3 18. Rxe3 Qxe3+ 19. Qxe3 Bd4 20. Nf6+ Kg7
21. Qxd4 cxd4 22. Nce4 Rfd8 23. Rd1 Rac8 24. Rd2 d3 25. h4 Rc2 26. Ng4 {
Federzoni,E (1641)-Alboredo,J (1885) Sao Paulo 2014 0-1}) ({RR} 11... Nc6 12.
Kh1 b6 13. e5 Ba6 14. Qd1 f6 15. Re1 Rc8 16. d4 fxe5 17. fxe5 Rxf3 18. gxf3
cxd4 19. Na2 Bxe5 20. f4 Bg7 21. Rxe6 Qd7 22. Re1 Qf5 23. Bd2 Bd3 24. Rc1 Be4+
25. Kg1 d3 26. Nc3 {Collette,G-Gerard,N (2243) Elancourt 2003 0-1}) ({RR} 11...
f5 12. e5 Qb6 13. b4 Qa6 14. b5 Qb6 15. b4 cxb4+ 16. Be3 Qc7 17. axb4 b6 18.
Nd4 Bd7 19. Qd2 g5 20. g3 Ng6 21. Nce2 Qb7 22. Qa2 gxf4 23. gxf4 Bh6 24. Kf2
Kh8 25. h4 Rg8 26. Rh1 {Karimov,F (2199)-Vakhidov,J (2207) Tashkent 2009 1-0 
(53)}) 12. Na4 Qxb3 13. Nxc5 Qb5 14. Qb4 Qxb4 15. axb4 b6 16. Nb3 Bd7 17. Nbd4
Nc6 18. Nxc6 Bxc6 19. e5 Bb5 20. Rd1 Rfc8 21. Be3 Bf8 22. Bd2 Bxd3 23. Bc3 Bb5
24. Nd4 Bd7 25. Nc2 a5 26. Rd2 a4 27. Ra3 Bb5 28. Nd4 Bd7 29. Nc2 Be7 30. Kf2
Rc4 31. Rd4 Rxd4 32. Bxd4 Rc8 33. Rc3 Rxc3 34. bxc3 Be8 35. g3 Bb5 36. g4 Bd3
37. Na3 Kf8 38. g5 Ke8 39. h4 Kd7 40. Ke3 Bc4 41. Kd2 Kc6 42. Ke3 b5 43. Ba7
Bd8 44. Kd4 Be7 1/2-1/2

[Event "Sampa Chess Open 2024"]
[Site "Sao Paulo"]
[Date "2024.02.04"]
[Round "9.41"]
[White "Nunes, Rafael Klanfer"]
[Black "Brujin, Homero"]
[Result "0-1"]
[WhiteElo "1789"]
[BlackElo "1479"]
[PlyCount "122"]
[EventDate "2024.01.29"]
[EventRounds "9"]
[EventCountry "BRA"]

1. e4 c5 2. Nf3 e6 3. d4 cxd4 4. Nxd4 a6 5. c4 d6 6. Be2 Nf6 7. Nc3 Be7 8. O-O
O-O 9. Be3 Nbd7 10. Qd2 Ne5 ({RR} 10... Qc7) 11. h3 ({RR} 11. f3 Re8 12. Rfd1
d5 13. cxd5 exd5 14. exd5 Nxd5 15. Nxd5 {1/2-1/2 (15) Chevelevitch,E (2411)
-Giurumia,S (2066) Bucharest ROU 2019}) 11... Bd7 $146 ({RR} 11... Qc7 12. b3
b6 13. f4 Ned7 14. Bf3 Bb7 15. Rac1 Rac8 16. Bf2 Rfd8 17. Rfe1 Nf8 18. Qe2 Ng6
19. g3 Nd7 20. Bg2 Bf6 21. Nf3 Nc5 22. Nh2 Qc6 23. Ng4 Be7 24. Kh2 Re8 25. Bxc5
dxc5 26. f5 {Parej,J (1975)-Jonas,Z (2119) Hungary 2010 0-1 (77)}) 12. f4 Nc6
13. f5 Nxd4 14. Bxd4 e5 15. Be3 Bc6 16. Nd5 Nxe4 17. Nxe7+ Qxe7 18. Qe1 Nf6 19.
Rd1 d5 20. cxd5 Nxd5 21. Bc4 Nf6 22. Bd4 e4 23. Qc3 Rac8 24. Qe3 Rfd8 25. Rd2
b5 26. Bb3 Re8 27. Rfd1 Bb7 28. Qg5 h6 29. Qh4 Nh7 30. Qxe7 Rxe7 31. Bc3 Rce8
32. Rd7 Nf6 33. Bxf6 gxf6 34. Rxe7 Rxe7 35. Bd5 Kg7 36. Bxb7 Rxb7 37. Kf2 a5
38. Ke3 Re7 39. Rd5 Re5 40. Rd4 Rxf5 41. Kxe4 Rf2 42. a4 Rxb2 43. axb5 Rxb5 44.
Ra4 Kg6 45. Kf3 h5 46. g4 h4 47. Ra3 Kg5 48. Ke3 f5 49. gxf5 Rxf5 50. Ra4 Kh5
51. Rg4 Rg5 52. Ra4 Rg3+ 53. Kf4 Rg5 54. Rd4 Rb5 55. Kf3 Rb3+ 56. Kg2 Ra3 57.
Rd5+ Kg6 58. Rd4 Kg5 59. Rd5+ f5 60. Rd8 a4 61. Rg8+ Kf4 0-1

[Event "Sampa Chess Open 2024"]
[Site "Sao Paulo"]
[Date "2024.02.04"]
[Round "9.42"]
[White "De Oliveira, Lucas Silva"]
[Black "Regiani, Rafael"]
[Result "1-0"]
[WhiteElo "1800"]
[BlackElo "1476"]
[PlyCount "63"]
[EventDate "2024.01.29"]
[EventRounds "9"]
[EventCountry "BRA"]

1. e4 e5 2. Nf3 Nc6 3. Bc4 Nf6 4. Ng5 d5 5. exd5 Na5 6. Bb5+ c6 7. dxc6 bxc6 8.
Bd3 h6 9. Ne4 Bb7 ({RR} 9... Nd5 10. O-O g6 11. Re1 Bg7 12. Bf1 O-O 13. d3 f5
14. Nc5 Qd6 15. Nb3 Nb7 16. g3 Be6 17. c4 Nb6 18. Qc2 Nd7 19. Nc3 a5 20. Na4 g5
21. Bd2 Bf7 22. Bc3 Rfe8 23. d4 e4 24. Rad1 {Short,N (2684)-Sokolov,I (2655)
London 2009 1-0 (31)}) ({RR} 9... Nd5 10. Nec3 Be7 11. Nxd5 cxd5 12. Bb5+ Bd7
13. Qe2 O-O 14. O-O Bxb5 15. Qxb5 Rc8 16. Nc3 Rc5 17. Qe2 Nc6 18. b3 d4 19. Ba3
Ra5 20. Bxe7 Qxe7 21. Ne4 Nb4 22. Qc4 Nd5 23. c3 Nf4 24. b4 {Jakubowski,K 
(2459)-Bartel,M (2611) Warsaw POL 2021 1/2-1/2 (56)}) 10. Nbc3 Bc5 $146 ({RR} 
10... c5 11. Bb5+ Nc6 12. d3 Be7 13. O-O O-O 14. Nxf6+ Bxf6 15. Ne4 Nd4 16. Bc4
Kh8 17. Nxc5 Bc6 18. Ne4 Be7 19. f4 f5 20. Ng3 Bc5 21. Kh1 exf4 22. Bxf4 Qh4
23. h3 Qxh3+ 24. Kg1 Qxg2# {0-1 (24) Romanenko,R-Voschinsky,A Nikolaev 2004}) (
{RR} 10... c5 11. Nxf6+ Qxf6 12. Be4 Nc6 13. Nd5 Qd6 14. Ne3 Be7 15. Nf5 Qf6
16. Nxe7 Qxe7 17. d3 O-O 18. O-O Rad8 19. Qg4 f5 20. Bxf5 Rxf5 21. Qxf5 Nd4 22.
Qg4 Nxc2 23. Qc4+ Kh8 24. Qxc2 Rd6 25. Be3 {Baiburin,I (2012)-Garipov,B
Chishmy 2010 1-0 (34)}) 11. Nxc5 Qb6 12. Nxb7 Nxb7 13. Qe2 O-O-O 14. Qe3 Nc5
15. Bf5+ Kb7 16. O-O g6 17. Bh3 Nh5 18. g3 f5 19. b4 Nd7 20. Qxb6+ axb6 21. Bg2
f4 22. b5 Nb8 23. a4 g5 24. Re1 Rhe8 25. g4 Nf6 26. h3 h5 27. gxh5 Nxh5 28. Rb1
Nf6 29. bxc6+ Nxc6 30. a5 Kc7 31. Bxc6 Kxc6 32. Rxb6+ 1-0

[Event "Sampa Chess Open 2024"]
[Site "Sao Paulo"]
[Date "2024.02.04"]
[Round "9.43"]
[White "Resende, Ana Gabriela Lobato"]
[Black "Van Riemsdijk, Dirk D."]
[Result "0-1"]
[WhiteElo "1800"]
[BlackElo "1789"]
[PlyCount "75"]
[EventDate "2024.01.29"]
[EventRounds "9"]
[EventCountry "BRA"]

1. e4 e5 2. f4 d6 3. Nf3 Nc6 4. Bc4 Nf6 5. d3 Be7 ({RR} 5... Bg4 6. O-O ({RR} 
6. h3 Bd7 7. Ng5 Be6 8. Bxe6 fxe6 9. Nxe6 Qe7 10. f5 Nd8 11. Nxf8 Qxf8 12. Nc3
Nc6 13. Bg5 O-O-O 14. O-O Re8 15. a3 d5 16. Nxd5 Qc5+ 17. Be3 Nd4 18. c3 Nxd5
19. exd5 Nf3+ 20. Qxf3) 6... Qe7 7. Nc3 Nd4 8. Be3 Nxf3+ 9. gxf3 Bh3 10. Rf2
O-O-O 11. Kh1 exf4 12. Bxf4 Nh5 13. Be3 Qe5 14. f4 Qf6 15. Qxh5 Be6 16. Bxe6+
fxe6 17. f5 g6 18. Qh3 Re8 19. fxe6 Qxe6 20. Qg2 {Conquest,S (2530)-Miric,S
Paris 2001 1-0 (32)}) ({RR} 5... a6 6. Nc3 ({RR} 6. Ng5 d5 ({RR} 6... Bg4 7.
Qd2 Bh5 8. O-O h6 9. Nf3 Be7 10. h3 b5 11. Bd5 Nxd5 12. exd5 Bxf3 13. Rxf3 Nd4
14. Rf1 O-O 15. fxe5 Bg5 16. Qf2 Bxc1 17. Rxc1 Qg5 18. Nc3 dxe5 19. Ne4 Qf5 20.
Qd2 Qd7) 7. exd5 Nxd5 8. c3 b5 9. Bb3 Be7 10. Qf3 Be6 11. Nxe6 fxe6 12. Qh5+ g6
13. Qe2 Bd6 14. d4 Nxf4 15. Bxf4 exf4 16. Bxe6 Qe7 17. O-O Nd8 18. Qf3 Rb8 19.
Bb3 Kd7 20. Nd2 Re8) 6... Bg4 7. h3 Bxf3 8. Qxf3 Nd4 9. Qf2 b5 10. Bb3 Nxb3 11.
axb3 g6 12. O-O exf4 13. Qxf4 Be7 14. Nd5 Nxd5 15. Qxf7+ Kd7 16. exd5 Kc8 17.
Re1 Bh4 18. Re4 Kb7 19. Bh6 Bg5 20. Bg7 {De Almeida,G (1731)-Goncalves,E (1414)
Florianopolis 2024 1-0 (42)}) ({RR} 5... Bg4 6. O-O Qe7 7. Nc3 Nd4 8. Be3 Nxf3+
9. gxf3 Bh3 10. Rf2 O-O-O 11. Kh1 exf4 12. Bxf4 Nh5 13. Be3 Qe5 14. f4 Qf6 15.
Qxh5 Be6 16. Bxe6+ fxe6 17. f5 g6 18. Qh3 Re8 19. fxe6 Qxe6 20. Qg2) 6. O-O Be6
$146 ({RR} 6... Bg4 7. Be3 exf4 8. Bxf4 Nd4 9. Nbd2 O-O 10. c3 Nxf3+ 11. Nxf3
c6 12. Bb3 d5 13. e5 Nd7 14. d4 f6 15. Qd3 Bxf3 16. Rxf3 fxe5 17. dxe5 Nc5 18.
Qc2 Qb6 19. Kh1 Nxb3 20. axb3 Rae8 21. Raf1 {Aulich,M (1415)-Bondarenko,A 
(1154) Muelheim 2002 1-0 (35)}) ({RR} 6... Bg4 7. h3 Be6 8. Bb5 Bd7 9. Bxc6
Bxc6 10. fxe5 dxe5 11. Nxe5 Qd4+ 12. Kh1 Qxe5 13. Nc3 Rd8 14. Bf4 Qa5 15. e5
Nd5 16. Ne4 Nxf4 17. Rxf4 Qxe5 18. Qf1 O-O 19. Rb1 Bd6 20. Nxd6 Rxd6 21. Rg4 {
Thissen,M-Middelveld,M Rijswijk 2000 0-1 (31)}) 7. Bxe6 fxe6 8. Nc3 Qd7 9. h3
O-O-O 10. Be3 Kb8 11. a3 Rhf8 12. fxe5 dxe5 13. b4 Bd6 14. Nb5 a6 15. Nxd6 Qxd6
16. Bc5 Qd7 17. Bxf8 Rxf8 18. Rb1 b5 19. a4 Qd6 20. axb5 axb5 21. c3 h6 22. Qc2
Kb7 23. Ra1 Na7 24. Qf2 Ra8 25. Qe3 Nd7 26. Ra5 Nb6 27. Rfa1 Na4 28. d4 exd4
29. Nxd4 Qb6 30. e5 c6 31. Qf3 Rc8 32. Kh1 Kb8 33. Nxe6 g5 34. Nc5 Qd8 35. c4
Qd4 36. Re1 Qxc4 37. e6 Qxb4 38. Na6+ 0-1

[Event "Sampa Chess Open 2024"]
[Site "Sao Paulo"]
[Date "2024.02.04"]
[Round "9.45"]
[White "Navarro, Gustavo Kazuo Yura"]
[Black "Yokomizo, Wilton"]
[Result "1/2-1/2"]
[WhiteElo "1800"]
[BlackElo "1395"]
[PlyCount "38"]
[EventDate "2024.01.29"]
[EventRounds "9"]
[EventCountry "BRA"]

1. e4 Nf6 2. Nc3 d5 3. exd5 Nxd5 4. Nxd5 Qxd5 5. Nf3 Bg4 6. Be2 Nc6 7. O-O
O-O-O 8. d3 e5 9. Ng5 ({RR} 9. Be3 f5 10. h3 Bh5 11. Ng5 Bxe2 12. Qxe2 h6 13.
Nf3 g5 14. Rfd1 Be7 15. c4 Qg8 16. Nh2 g4 17. h4 Bxh4 18. b4 f4 19. b5 fxe3 20.
bxc6 Bxf2+ 21. Kh1 Qg5 22. cxb7+ Kb8 23. Rab1 g3 {Awad Alek,M-Eid,F (2361)
Amman 2006 0-1}) ({RR} 9. h3 Be6 10. Bd2 f6 11. Bc3 g5 12. Nd2 h5 13. Bf3 Qd7
14. Ne4 Be7 15. b4 g4 16. Be2 gxh3 17. g3 Rdg8 18. Kh2 h4 19. Rg1 hxg3+ 20.
Rxg3 f5 21. Rxg8+ Rxg8 22. Ng3 f4 23. Ne4 Bf5 {Svicevic,R (2223)-Navarro,T 
(2117) chess.com INT 2021 1-0 (36)}) 9... Bxe2 10. Qxe2 Kb8 $146 ({RR} 10... f6
11. Ne4 Nd4 12. Qd1 Kb8 13. Re1 Qc6 14. Nc3 g6 15. a3 h5 16. Be3 Bh6 17. Bxd4
Rxd4 18. Re4 Rhd8 19. Qe2 Rxe4 20. Qxe4 Qxe4 21. Nxe4 f5 22. Nc3 Bd2 23. Ne2
Rd6 24. Rd1 Bh6 25. f3 {Proczek,M (1664)-Skolarczyk,M Polanica Zdroj 2010 0-1 
(35)}) ({RR} 10... f6 11. Ne4 Nd4 12. Qd1 h5 13. Be3 Nf5 14. Nc3 Nxe3 15. Nxd5
Nxd1 {1/2-1/2 (15) Van den Boogaart,J (2009)-Fassaert,D (1942) Vale GCI 2018})
({RR} 10... f6 11. Ne4 Nd4 12. Qd1 Be7 13. Qg4+ Qe6 14. Qxe6+ Nxe6 15. Rd1 Rd7
16. f3 Rhd8 17. Be3 f5 18. Nf2 Bc5 19. Bxc5 Nxc5 20. Kf1 a5 21. b3 b5 22. Ke2
Re7 23. g4 e4 24. dxe4 fxe4 25. Rxd8+ {Stefanovic,U-Nikolic,M (1933) Nis 2014
1/2-1/2 (37)}) 11. Qf3 f6 12. Qxd5 Rxd5 13. Ne6 Nd4 14. Nxd4 Rxd4 15. f4 Bc5
16. Be3 Rd5 17. Bxc5 Rxc5 18. fxe5 Rxe5 19. Rfe1 Rhe8 1/2-1/2

[Event "Sampa Chess Open 2024"]
[Site "Sao Paulo"]
[Date "2024.02.04"]
[Round "9.47"]
[White "Goncalves, Ricardo Henrique Si"]
[Black "Yasuda, Osvaldo Makoto"]
[Result "0-1"]
[WhiteElo "1800"]
[BlackElo "1318"]
[PlyCount "108"]
[EventDate "2024.01.29"]
[EventRounds "9"]
[EventCountry "BRA"]

1. e4 e5 2. Nf3 Nc6 3. Bb5 Bc5 4. O-O Nf6 5. d3 d6 6. h3 Be6 ({RR} 6... Bd7 7.
c3 Ne7 8. Bxd7+ Qxd7 9. Qb3 Bb6 10. Na3 c6 11. Bg5 Ng6 12. Nc4 Bd8 13. Qxb7
Qxb7 14. Nxd6+ Kd7 15. Nxb7 Bb6 16. b4 Rhb8 17. Nc5+ Bxc5 18. bxc5 Rb5 19. Be3
Rab8 20. Nd2 Ke6 21. g3 {Nepomniachtchi,I (2706)-Chernyshov,K (2578) Irkutsk
2010 1-0 (37)}) 7. c3 ({RR} 7. Nc3 h6 8. Na4 Nd7 9. Bxc6 bxc6 10. Nxc5 dxc5 11.
b3 O-O 12. Ba3 Qe7 13. Qd2 Rab8 14. Qe3 Rb5 15. Bb2 Qd6 16. Nd2 f5 17. exf5
Bxf5 18. Nf3 Re8 19. a4 Rb4 20. Bc3 Rb7 21. Nd2 Qd5 {Weingarten,D-McKenna,M
San Francisco 2016 1-0 (32)}) 7... O-O $146 ({RR} 7... Bb6 8. Re1 O-O 9. Nbd2
Ne7 10. d4 exd4 11. Nxd4 Ng6 12. Nf1 d5 13. e5 Nd7 14. Qh5 Bxd4 15. cxd4 f6 16.
Bd3 fxe5 17. dxe5 Qh4 18. Qxh4 Nxh4 19. Nh2 Rae8 20. f4 Nc5 21. Bb5 c6 22. Bf1
{Saren,I-Beyen,R Skopje 1972 1/2-1/2 (35)}) ({RR} 7... a6 8. Ba4 b5 9. Bc2 d5
10. d4 dxe4 11. Nxe5 Nxe5 12. dxe5 Nd5 13. Bxe4 Qd7 14. Nd2 Rd8 15. Nb3 Bb6 16.
Bg5 Rc8 17. Nd4 Bxd4 18. Qxd4 c5 19. Qd2 Ne7 20. Qxd7+ Bxd7 21. Rad1 Bc6 22.
Bc2 {Diaz Camallonga,C (2235)-Clanchet Olle,J (1736) Barbera del Valles 2014
1-0}) ({RR} 7... a6 8. Ba4 b5 9. Bc2 d5 10. Bg5 h6 11. Bh4 g5 12. Bg3 Nh5 13.
Bxe5 Nxe5 14. Nxe5 Ng3 15. Re1 Qf6 16. d4 Nxe4 17. Bxe4 dxe4 18. Rxe4 Rd8 19.
Qe2 Bd6 20. Nd2 c5 21. Ndf3 O-O 22. dxc5 {Chisco,J-Guzman Hidalgo,N (1492)
Cali 2015 1/2-1/2}) 8. d4 exd4 9. cxd4 Nxd4 10. Nxd4 c6 11. Nxe6 fxe6 12. Bd3
Qb6 13. Nc3 Nd7 14. Kh2 Bxf2 15. Qb3 Qxb3 16. axb3 Nc5 17. Rd1 Nxb3 18. Ra3
Nxc1 19. Rxc1 Bc5 20. Rb3 b5 21. Nd1 Rac8 22. Be2 Bd4 23. Bg4 Rf6 24. Rxb5 c5
25. Rb7 Rcf8 26. Rxa7 Rf1 27. Raa1 Be5+ 28. g3 Bxb2 29. Bxe6+ Kh8 30. h4 Bxc1
31. Rxc1 R8f2+ 32. Nxf2 Rxc1 33. Kg2 g6 34. g4 c4 35. Kf3 c3 36. Ke2 Rc2+ 37.
Kd3 Rxf2 38. Kxc3 Kg7 39. h5 Kf6 40. Bd7 Ke5 41. Kd3 Rf3+ 42. Ke2 Rf4 43. hxg6
hxg6 44. Ke3 Rxe4+ 45. Kf3 d5 46. Bc8 d4 47. Ba6 Re3+ 48. Kf2 Kf4 49. Bc8 d3
50. Ba6 Rf3+ 51. Ke1 Ke3 52. g5 d2+ 53. Kd1 Rg3 54. Bd3 Rg1+ 0-1

[Event "Sampa Chess Open 2024"]
[Site "Sao Paulo"]
[Date "2024.02.04"]
[Round "9.50"]
[White "Ruvieri, Daniel Minami"]
[Black "De Bastiani, Tales Otavio"]
[Result "1-0"]
[WhiteElo "1437"]
[BlackElo "1800"]
[PlyCount "79"]
[EventDate "2024.01.29"]
[EventRounds "9"]
[EventCountry "BRA"]

1. e4 e6 2. d4 d5 3. e5 c5 4. c3 Nc6 5. Nf3 Qb6 6. Bd3 Bd7 7. dxc5 Bxc5 8. O-O
f6 9. exf6 ({RR} 9. Qe2 fxe5 10. b4 Bd6 11. b5 Nd8 12. Nxe5 Nf6 13. Nxd7 Kxd7
14. Nd2 Qc7 15. Nf3 Nf7 16. Re1 Rae8 17. b6 Qxb6 18. Bb5+ Kc8 19. Bxe8 Rxe8 20.
c4 d4 21. Ng5 Nd8 22. Ne4 Bb4 23. Rb1 Qa5 {Rozentalis,E (2581)-Sadiku,B (2289)
Kemer 2007 1-0 (35)}) 9... gxf6 ({RR} 9... Nxf6 10. Nbd2 O-O 11. Nb3 Bd6 12.
Bg5 e5 13. Bxf6 Rxf6 14. Bc2 Ne7 15. Re1 e4 16. Nfd4 Raf8 17. Re2 Bg4 18. f3
exf3 19. Rf2 fxg2 20. Qd2 Rxf2 {0-1 (20) Wegger,A (1644)-Skaarup,K (1853)
Aarhus 2017}) 10. Qc2 $146 ({RR} 10. Nbd2 O-O-O 11. b4 Bd6 12. Nb3 Nge7 13. Be3
Qc7 14. Nc5 Bxc5 15. Bxc5 b6 16. Be3 e5 17. Ba6+ Kb8 18. a4 Rhg8 19. Re1 Bg4
20. Be2 f5 21. a5 f4 22. axb6 axb6 23. Qa4 Na7 24. Bd2 Bxf3 {Cukuroglu,
E-Ozgenc,C Izmir 2003 0-1 (60)}) ({RR} 10. b4 Bd6 11. a3 Ne5 12. Bb2 Nxd3 13.
Qxd3 Bb5 14. Qd1 Bxf1 15. Qxf1 Ne7 16. Nbd2 Kf7 17. Qe2 h5 18. Re1 e5 19. c4
Qd8 20. cxd5 Nxd5 21. Nc4 Nf4 22. Qe4 Qe7 23. Rd1 Rad8 24. Rxd6 Rxd6 {Luis,T 
(1332)-Al Ahdab,N (1499) Domloup 2013 0-1 (49)}) 10... e5 11. Re1 e4 12. Bf1
O-O-O 13. Nd4 Kb8 14. Bf4+ Ka8 15. Nxc6 Bxc6 16. b4 Bd6 17. Be3 Qc7 18. h3 Ne7
19. b5 Bd7 20. a4 Bc5 21. a5 Bxe3 22. Rxe3 b6 23. axb6 Qxb6 24. Ra6 Qc5 25. Nd2
Rb8 26. Nb3 Qc7 27. Nd4 Rb6 28. Ra5 Nf5 29. Nxf5 Bxf5 30. Qa2 Be6 31. c4 dxc4
32. Rea3 Rb7 33. Ra6 Bd5 34. b6 Qc5 35. Rxa7+ Rxa7 36. Rxa7+ Kb8 37. Ra5 Qc6
38. Rxd5 Qxd5 39. Qa7+ Kc8 40. Qc7# 1-0

[Event "Sampa Chess Open 2024"]
[Site "Sao Paulo"]
[Date "2024.02.04"]
[Round "9.52"]
[White "Ruvieri, Valter"]
[Black "Akamine, Isabelle Namie Nish"]
[Result "1-0"]
[WhiteElo "1067"]
[BlackElo "1800"]
[PlyCount "65"]
[EventDate "2024.01.29"]
[EventRounds "9"]
[EventCountry "BRA"]

1. d4 {Shabalov,A} d5 2. e3 Nf6 3. c4 e6 4. Nf3 b6 5. Bd3 c5 6. O-O Bb7 7. b3 (
{RR} 7. cxd5 exd5 8. Nc3 ({RR} 8. b3 Be7 9. Ba3 O-O 10. Nc3 Nc6 11. Rc1 cxd4
12. Bxe7 Qxe7 13. exd4 Qb4 14. Qd2 Rfe8 15. Bb5 Re6 16. Rfe1 Rxe1+ 17. Rxe1 a5
18. h3 h6 19. Rc1 Rc8 20. Bd3 Kf8 21. Bf5 Re8 22. Qf4 g5) 8... Bd6 ({RR} 8...
Be7) 9. dxc5 bxc5 10. Bb5+ ({RR} 10. e4 dxe4 11. Bb5+ Nc6 ({RR} 11... Kf8 12.
Bf4) 12. Qa4 ({RR} 12. Nxe4 Nxe4 13. Qa4 O-O 14. Qxe4 ({RR} 14. Bxc6 Bxc6 15.
Qxc6 Re8 16. Re1 Qf6) 14... Na5 15. Qg4 Bxf3 16. Qxf3 Bxh2+ 17. Kxh2 Qb8+)
12... O-O 13. Bxc6 Bxc6 14. Qxc6 Rc8 15. Qa6 exf3 16. Rd1 Ne4) 10... Nbd7 11.
e4 d4 12. b4 ({RR} 12. e5 Bxf3 13. Qxf3 Bxe5 14. Nd5 O-O 15. Bg5 h6) 12... O-O
13. bxc5 Nxc5 14. Qxd4 Ncxe4 15. Nxe4 ({RR} 15. Bb2 Ng5 16. Ne5 a6 17. Ba4 Qb8
18. Nd1 Ne6 19. Qe3 Nd5 20. Qe1 Nc5 21. Bc2 Re8) 15... Bxe4 16. Bb2 Rb8 ({RR} 
16... Qb8 17. Qa4 Bxf3 18. Bxf6 Bh5 19. Bg5 Bxh2+ 20. Kh1 Be5) 17. a4 a6 18.
Nd2 Bd5 19. Bc4 Rb4 20. Rfd1 Qc7 21. Bc3 Rxc4 {Kacheishvili,G (2584)-Shabalov,
A (2606) Denver 2002 CBM 089 [Shabalov,A] 1/2-1/2}) ({RR} 7. cxd5 Nxd5 8. e4
Nf6 9. Nc3 cxd4 10. Nxd4 Bc5 11. Nb3 Be7 12. Qe2 O-O 13. Rd1 Nbd7 14. Bf4 e5
15. Bg5 Re8 16. Bb5 a6 17. Bxf6 axb5 18. Bxg7 Kxg7 19. Qg4+ Kh8 20. Rxd7 Qc8
21. Qf5 Bc6 {Nagy,G (2532)-Macovei,A (2454) chess.com INT 2021 1-0}) 7... Be7 (
{RR} 7... cxd4 8. exd4 Be7 9. Bb2 O-O 10. Nc3 Nc6 11. Rc1 Rc8 12. Re1 Bb4 13.
a3 Bxc3 14. Bxc3 Ne7 15. Ne5 Ng6 16. f3) 8. Bb2 O-O $146 ({RR} 8... h6 9. Nbd2
O-O 10. Rc1 Nbd7 11. Qc2 a6 12. Qb1 Rc8 13. Rfd1 Re8 14. a3 Kh8 15. Ne5 Nxe5
16. dxe5 Nd7 17. Ba1 Kg8 18. Bh7+ Kh8 19. Bc2 Rc7 20. Qb2 Qa8 21. f3 Rd8 22.
Bb1 Nf8 23. Nf1 {Baranowsky,P (1854)-Windmueller,W (1629) Berlin 2010 0-1 (56)}
) ({RR} 8... Nc6 9. a3 Qc7 10. Ne5 Nxe5 11. dxe5 Nd7 12. f4 O-O-O 13. Nc3 dxc4
14. Nb5 Qb8 15. bxc4 a6 16. Nc3 g5 17. Qc2 gxf4 18. exf4 Qa8 19. Be4 h5 20. a4
a5 21. Rad1 f6 22. Bxb7+ Qxb7 23. Nb5 {Danek,D (1815)-Novak,M (1720) Prague
2012 1/2-1/2 (41)}) 9. Qc2 dxc4 10. Be2 cxb3 11. axb3 Nbd7 12. Nc3 Qc7 13. Nb5
Qb8 14. Ne5 Rd8 15. Bf3 Nd5 16. e4 N5f6 17. Nc3 Nxe5 18. dxe5 Qxe5 19. Nd5 Qg5
20. Bc1 Qg6 21. Nxe7+ Kh8 22. Nxg6+ hxg6 23. Bg5 a5 24. Bxf6 gxf6 25. Rfd1
Rxd1+ 26. Rxd1 f5 27. Rd7 Bxe4 28. Bxe4 fxe4 29. Qxe4 Kg8 30. Qxa8+ Kg7 31. Qb7
Kh8 32. Rxf7 g5 33. Qb8# 1-0

[Event "Sampa Chess Open 2024"]
[Site "Sao Paulo"]
[Date "2024.02.04"]
[Round "9.55"]
[White "Santana, Expedito"]
[Black "Akamine, Giullia Hikari Nish"]
[Result "0-1"]
[WhiteElo "1408"]
[BlackElo "1800"]
[PlyCount "78"]
[EventDate "2024.01.29"]
[EventRounds "9"]
[EventCountry "BRA"]

1. d4 d5 2. Bf4 Nf6 3. e3 e6 4. Nf3 Be7 5. Bd3 O-O 6. h3 Nbd7 7. O-O b6 ({RR} 
7... c5 8. c3 c4 9. Bc2 b5 10. Nbd2 Bb7 11. Ne5 a5 12. Ndf3 Ne4 13. Nxd7 Qxd7
14. Ne5 Qd8 15. f3 Nf6 16. Bg5 Ra6 17. Bxf6 Bxf6 18. f4 g6 19. g4 Bg7 20. g5 f6
21. gxf6 Bxf6 22. Qg4 {Parvulescu,N (1630)-Auvinen,E (1889) Bucharest ROU 2019
1-0 (47)}) 8. Nbd2 Bb7 9. c3 Ne4 $146 ({RR} 9... Bd6 10. Ne5 Qe7 11. Bg3 Rfd8
12. f4 c5 13. a4 Rac8 14. Bh4 a6 15. Ndf3 c4 16. Bc2 Ra8 17. g4 b5 18. Ng5 Bxe5
19. fxe5 Ne4 20. Rxf7 Qe8 21. Rf1 Rdb8 22. a5 Bc6 23. Nxe4 dxe4 24. Qb1 {
Vager,B (2205)-Navara,D Pardubice 1996 1-0}) 10. Ne5 Ndf6 11. f3 Nxd2 12. Qxd2
Nh5 13. Bh2 Bh4 14. Qc2 f5 15. f4 Bg3 16. Qe2 Bxh2+ 17. Kxh2 Qe8 18. Bb5 c6 19.
Bxc6 Bxc6 20. Nxc6 Rf6 21. Ne5 Rh6 22. g4 fxg4 23. Qxg4 Nf6 24. Qg2 Qh5 25. Rg1
g6 26. Raf1 Qf5 27. Rf3 Kg7 28. c4 Rc8 29. cxd5 Rc2 30. dxe6 Rxg2+ 31. Rxg2
Qxe6 32. f5 Qxa2 33. fxg6 hxg6 34. Rfg3 Qb3 35. Nxg6 Kh7 36. e4 Ng4+ 37. Rxg4
Rxh3+ 38. Kg1 Qd1+ 39. Kf2 Rf3# 0-1